000 00755nam a22001937a 4500
003 OSt
005 20210301060343.0
008 210226s1984 ||||| |||| 00| 0 eng d
040 _aeng
_beng
_cDLC
_deng
041 _aeng
080 _a616.8
_bC-77
100 _91173
_aCooke, John
245 _aThis Special Edition of a Treatise on Nervous Diseases / 2 Volumes
_cVolume 2 - History and Method of Cure of the Various Species of Palsy
_b/ by: The Classics of Neurology and Neurosurgery Library
260 _aBirmingham, Alabama
_bThe Classics of Neurology and Neurosurgery Library
_c1984
300 _a2 volumes. vol 1 - 469 p. vol.2 - 235 p. Both Volumes - 704 p.
650 0 _9100
_aNeurology
653 _aნევროლოგია
942 _2udc
_cBK
999 _c1796
_d1796